000
00238nam a2200085Ia 4500
008
170620s9999 xx 000 0 und d
100
_a
Begum- Sara
245
0
_a
Cognitive Development in Blind Children
260
_b
New Delhi- Discovery Publishing House
260
_c
2007
999
_c
24261
_d
24261